[Event "Biel"]
[Site "Biel"]
[Date "1984.??.??"]
[Round "?"]
[White "Huebner, Robert"]
[Black "Hort, Vlastimil"]
[Result "1/2-1/2"]
[WhiteElo "2610"]
[BlackElo "2605"]
[PlyCount "69"]
[EventDate "1984.07.??"]
[Source "ChessBase"]

1. e4 Nf6 2. e5 Nd5 3. d4 d6 4. Nf3 Bg4 5. Be2 e6 6. O-O Be7 7. c4 Nb6 8. Nc3 O-O 9. h3 Bh5 10. Be3 d5 11. c5 Bxf3 12. Bxf3 Nc4 13. Bf4 Nc6 14. b3 N4a5 15. Rc1 Bg5 16. Ne2 Bxf4 17. Nxf4 Ne7 18. Bg4 Nac6 19. Qd2 Kh8 20. Rc3 Ng8 21. Bd1 Qh4 22. Bc2 Qh6 23. Rg3 Rac8 24. Rd1 Nge7 25. b4 a6 26. a3 Ng6 27. Ne2 Qxd2 28. Rxd2 Nge7 29. Nf4 g6 30. h4 h6 31. Re3 Kg7 32. Rg3 Kh8 33. Re3 Kg7 34. Ne2 b5 35. cxb6 1/2-1/2

[Event "Novosibirsk"]
[Site "Novosibirsk"]
[Date "1993.??.??"]
[Round "11"]
[White "Psakhis, Lev"]
[Black "Ehlvest, Jaan"]
[Result "1/2-1/2"]
[WhiteElo "2575"]
[BlackElo "2625"]
[PlyCount "62"]
[EventDate "1993.06.??"]
[Source "ChessBase"]

1. e4 Nf6 2. e5 Nd5 3. d4 d6 4. Nf3 Bg4 5. Be2 e6 6. O-O Be7 7. h3 Bh5 8. c4 Nb6 9. Nc3 O-O 10. Be3 a6 11. b3 d5 12. c5 Nc8 13. b4 Nc6 14. a3 f6 15. exf6 Bxf6 16. g4 Bg6 17. Qb3 h6 18. Rad1 Bf7 19. Kg2 N8e7 20. h4 e5 21. g5 Nf5 22. gxf6 Qxf6 23. Nxd5 Qe6 24. dxe5 Nxe5 25. Nxe5 Qxe5 26. Rg1 Rad8 27. Bc4 Qe4+ 28. f3 Qxh4 29. Bf2 Qg5+ 30. Kh2 Qh5+ 31. Kg2 Qg5+ 1/2-1/2

[Event "URS Spartakiad"]
[Site "URS"]
[Date "1979.??.??"]
[Round "?"]
[White "Spassky, Boris V"]
[Black "Bagirov, Vladimir"]
[Result "1/2-1/2"]
[WhiteElo "2640"]
[BlackElo "2545"]
[PlyCount "42"]
[EventDate "1979.??.??"]
[Source "ChessBase"]

1. e4 Nf6 2. e5 Nd5 3. d4 d6 4. Nf3 Bg4 5. Be2 e6 6. O-O Be7 7. c4 Nb6 8. h3 Bh5 9. Nc3 O-O 10. Be3 d5 11. c5 Bxf3 12. gxf3 Nc8 13. b4 a6 14. f4 Nc6 15. Kh2 Bh4 16. Bd3 g6 17. a3 N8e7 18. Rg1 Kh8 19. Bc2 Nf5 20. Rg2 Nce7 21. Ne2 f6 1/2-1/2

[Event "1/4 Coupe de France"]
[Site "Senat"]
[Date "2003.05.24"]
[Round "1"]
[White "Shchekachev, Andrei"]
[Black "Bauer, Christian"]
[Result "1/2-1/2"]
[WhiteElo "2592"]
[BlackElo "2582"]
[PlyCount "142"]
[EventDate "2003.05.24"]
[Source "Roberto Alvarez"]
[SourceDate "2003.06.30"]

1. e4 Nf6 2. e5 Nd5 3. d4 d6 4. Nf3 Bg4 5. Be2 e6 6. O-O Be7 7. c4 Nb6 8. Be3 O-O 9. Nc3 a5 10. exd6 cxd6 11. Qb3 N8d7 12. h3 Bxf3 13. Bxf3 Qc7 14. Be2 Rfc8 15. Rfc1 Qd8 16. Nb5 a4 17. Qd1 Nf6 18. b3 Ne8 19. Nc3 axb3 20. Qxb3 Rab8 21. d5 Nd7 22. dxe6 fxe6 23. Ne4 b6 24. Bg4 Nc7 25. Rd1 Qf8 26. Rab1 Ne5 27. Be2 Kh8 28. Bd4 Qf4 29. Qe3 Qxe3 30. Bxe3 d5 31. Nd2 Bc5 32. Bf4 Bd6 33. Bh2 Nf7 34. Nf3 Bxh2+ 35. Kxh2 Rf8 36. Nd4 Ne5 37. cxd5 Nxd5 38. Nxe6 Rxf2 39. Rxd5 Rxe2 40. Rxb6 Ra8 41. Ra6 Rc8 42. Rc5 Rb8 43. Rc3 Kg8 44. a4 Re8 45. Nd4 Rd2 46. Nb3 Ra2 47. Nc5 Ng6 48. Ne6 Nh4 49. Rg3 g6 50. a5 Kf7 51. Ra7+ Kg8 52. Nf4 Rf8 53. Rg4 Nf3+ 54. Kg3 Ne5 55. Rg5 Ra3+ 56. Kh2 Nc6 57. Rc7 Rxa5 58. Rxa5 Nxa5 59. Ne6 Re8 60. Ng5 h5 61. Nf3 Re6 62. Kg3 Nc6 63. Kf4 Ne7 64. Kg5 Kf7 65. Rb7 Re2 66. g3 Re6 67. Kf4 Kf6 68. g4 g5+ 69. Kg3 h4+ 70. Kf2 Nc6 71. Rb5 Ne5 1/2-1/2

[Event "USSR"]
[Site "?"]
[Date "1979.??.??"]
[Round "?"]
[White "Tal, Mikhail N"]
[Black "Bagirov, Vladimir K"]
[Result "1/2-1/2"]
[WhiteElo "2615"]
[BlackElo "2545"]
[PlyCount "86"]
[EventDate "1979.??.??"]
[Source "www.chesslib.no"]
[SourceDate "2004.05.04"]

1. e4 Nf6 2. e5 Nd5 3. d4 d6 4. Nf3 Bg4 5. Be2 e6 6. O-O Be7 7. c4 Nb6 8. exd6 cxd6 9. b3 O-O 10. Nc3 Nc6 11. Be3 Bf6 12. Ne4 Be7 13. d5 exd5 14. cxd5 Nb4 15. Bxb6 Qxb6 16. a3 Na6 17. Nfd2 Bf5 18. Nc4 Qd8 19. Ng3 Bd7 20. b4 Re8 21. Rc1 Bb5 22. Nf5 Bf8 23. Nd4 Bxc4 24. Rxc4 Nc7 25. Bf3 a5 26. bxa5 Na6 27. Nb3 Qf6 28. Qd2 g6 29. Be2 Bg7 30. Rc2 h5 31. Bb5 Re7 32. Re1 Rxe1+ 33. Qxe1 Qf5 34. Qd1 Be5 35. Qd3 Qg5 36. Rc4 Qd8 37. Re4 Qc7 38. Qc4 Rc8 39. Qxc7 Rxc7 40. Rc4 Rxc4 41. Bxc4 Nc7 42. Kf1 Kf8 43. a4 Bc3 1/2-1/2

[Event "Capablanca mem Elite 33rd"]
[Site "Havana"]
[Date "1998.05.14"]
[Round "6"]
[White "Morovic Fernandez, Ivan"]
[Black "Zilberman, Yaacov"]
[Result "1-0"]
[WhiteElo "2600"]
[BlackElo "2555"]
[PlyCount "135"]
[EventDate "1998.05.07"]
[Source "ChessBase"]
[SourceDate "1998.08.06"]

1. e4 Nf6 2. e5 Nd5 3. d4 d6 4. Nf3 Bg4 5. Be2 e6 6. O-O Be7 7. c4 Nb6 8. Nc3 O-O 9. exd6 cxd6 10. Be3 d5 11. c5 Bxf3 12. Bxf3 Nc4 13. Bf4 Nc6 14. b3 N4a5 15. Be3 Bf6 16. Rc1 Ne7 17. g4 Nec6 18. Bg2 b6 19. Na4 Re8 20. f4 Rc8 21. Qd2 Nb7 22. b4 g6 23. Rfd1 Bg7 24. h3 b5 25. Nb2 Qc7 26. Bf2 Ra8 27. a4 bxa4 28. Nxa4 Reb8 29. Bf1 Nbd8 30. Rb1 a6 31. Rb2 Rb7 32. Ra1 Raa7 33. Kg2 Qb8 34. Rab1 Qc7 35. Be3 Qb8 36. Be2 Qc7 37. Nc3 Qb8 38. Na4 Qc7 39. Bf1 Qb8 40. Be2 Qc7 41. Rc1 Qb8 42. Nb6 Qc7 43. Qc3 Bf6 44. Qd2 Bg7 45. Ra1 Rxb6 46. cxb6 Qxb6 47. b5 axb5 48. Rxb5 Qc7 49. Rxa7 Qxa7 50. Rc5 Bf8 51. Rc2 Bd6 52. Ra2 Qb8 53. Rb2 Qa7 54. Ra2 Qb8 55. Rb2 Qa7 56. Bb5 Qa3 57. Rc2 Qa8 58. f5 exf5 59. gxf5 Qb7 60. Bxc6 Nxc6 61. Qc1 Na7 62. Bh6 Qd7 63. Ra2 Nc6 64. Ra8+ Nd8 65. Qe3 Qe7 66. f6 Qd7 67. Bg5 Bf8 68. Qe7 1-0

[Event "MESA"]
[Site "MESA"]
[Date "1992.??.??"]
[Round "?"]
[White "Ulibin, Mikhail"]
[Black "Morovic Fernandez, Ivan E"]
[Result "1-0"]
[WhiteElo "2585"]
[BlackElo "2565"]
[PlyCount "59"]
[EventDate "1992.??.??"]
[Source "www.chesslib.no"]
[SourceDate "2004.05.04"]

1. e4 Nf6 2. e5 Nd5 3. d4 d6 4. Nf3 Bg4 5. Be2 e6 6. O-O Be7 7. c4 Nb6 8. Nc3 O-O 9. Be3 d5 10. c5 Bxf3 11. gxf3 Nc8 12. b4 Nc6 13. f4 Bh4 14. b5 Na5 15. Bd3 g6 16. f5 exf5 17. Qf3 c6 18. Bh6 Re8 19. Qf4 Be7 20. Kh1 Bf8 21. Rg1 Bxh6 22. Qxh6 Kh8 23. Ne2 Qe7 24. Nf4 Rg8 25. Rg3 Qf8 26. Qh4 Nc4 27. Rag1 h6 28. e6 Kh7 29. exf7 Qxf7 30. Nh3 1-0

[Event "Moscow Aeroflot op"]
[Site "Moscow"]
[Date "2002.02.09"]
[Round "8"]
[White "Kobalija, Mihail"]
[Black "Vasiukov, Evgeni"]
[Result "0-1"]
[WhiteElo "2620"]
[BlackElo "2524"]
[PlyCount "99"]
[EventDate "2002.02.04"]
[Source "ChessBase"]
[SourceDate "2002.03.21"]

1. e4 Nf6 2. e5 Nd5 3. d4 d6 4. Nf3 Bg4 5. Be2 e6 6. O-O Be7 7. c4 Nb6 8. Be3 O-O 9. Nc3 Nc6 10. exd6 cxd6 11. b3 Bf6 12. h3 Bh5 13. Ne4 Be7 14. Nc3 Bf6 15. Qd2 d5 16. c5 Bxf3 17. Bxf3 Nc8 18. a3 N8e7 19. g4 h6 20. Rad1 b6 21. Qc1 bxc5 22. dxc5 Qb8 23. b4 d4 24. Ne4 dxe3 25. Nxf6+ gxf6 26. Qxe3 Kg7 27. Rd6 Ne5 28. Bxa8 Qxa8 29. Rc1 Nc8 30. Rdd1 Qc6 31. Kh2 Ng6 32. Rd4 Nce7 33. Qe4 Nd5 34. Rc3 Qc7+ 35. Rg3 Rh8 36. Kg1 h5 37. Qc2 hxg4 38. Rdxg4 Ndf4 39. Kf1 f5 40. Qc3+ f6 41. Rxf4 Qxf4 42. c6 Rd8 43. b5 Qe4 44. Qe1 Qc4+ 45. Kg1 Kf7 46. Qa5 Rd1+ 47. Kh2 Qc5 48. Qc7+ Ne7 49. Qf4 Qd5 50. Qh6 0-1

[Event "Las Palmas"]
[Site "?"]
[Date "1992.??.??"]
[Round "?"]
[White "Ulibin, M."]
[Black "Morovic Fernandez, I."]
[Result "1-0"]
[WhiteElo "2570"]
[BlackElo "2570"]
[PlyCount "59"]
[EventDate "1992.??.??"]
[Source "ChessBase"]
[SourceDate "1992.10.01"]

1. e4 Nf6 2. e5 Nd5 3. d4 d6 4. Nf3 Bg4 5. Be2 e6 6. O-O Be7 7. c4 Nb6 8. Nc3 O-O 9. Be3 d5 10. c5 Bxf3 11. gxf3 Nc8 12. f4 Nc6 13. b4 Bh4 14. b5 Na5 15. Bd3 g6 16. f5 exf5 17. Qf3 c6 18. Bh6 Re8 19. Qf4 Be7 20. Kh1 Bf8 21. Rg1 Bxh6 22. Qxh6 Kh8 23. Ne2 Ne7 24. Nf4 Rg8 25. Rg3 Qf8 26. Qh4 Re8 27. Rag1 h6 28. e6 Kh7 29. exf7 Qxf7 30. Rh3 1-0

[Event "Riga Open"]
[Site "Riga LAT"]
[Date "1987.??.??"]
[Round "?"]
[White "Sokolov, Andrei"]
[Black "Bagirov, Vladimir K"]
[Result "1/2-1/2"]
[WhiteElo "2645"]
[BlackElo "2495"]
[PlyCount "88"]
[EventDate "1987.??.??"]
[Source "www.chesslib.no"]
[SourceDate "2004.05.04"]

1. e4 Nf6 2. e5 Nd5 3. d4 d6 4. Nf3 Bg4 5. Be2 e6 6. O-O Be7 7. h3 Bh5 8. c4 Nb6 9. Nc3 O-O 10. Be3 a5 11. exd6 cxd6 12. c5 dxc5 13. dxc5 N6d7 14. Na4 Nc6 15. Qb3 Qc7 16. Rfd1 Rad8 17. Qb5 Nf6 18. Nb6 Nd5 19. Nxd5 exd5 20. a3 Bf6 21. Ng5 Bg6 22. Nf3 Rfe8 23. Nd4 h6 24. Bf1 Na7 25. Qb3 Nc6 26. Rac1 Bh5 27. Rd2 Nxd4 28. Bxd4 Bg5 29. Be3 Rxe3 30. fxe3 d4 31. Re1 Bxe3+ 32. Rxe3 dxe3 33. Rxd8+ Qxd8 34. Qxe3 Bg6 35. b4 axb4 36. axb4 Qd5 37. b5 Be4 38. Kf2 Kh7 39. Qc3 f5 40. Kg1 Qd7 41. Qe5 Qd1 42. Kf2 Qd2+ 43. Be2 Qc2 44. Kf1 Qc1+ 1/2-1/2

[Event "Bayern-ch Bank Hofmann 3rd"]
[Site "Bad Wiessee"]
[Date "1999.10.28"]
[Round "6"]
[White "David, Alberto"]
[Black "Baburin, Alexander"]
[Result "1/2-1/2"]
[WhiteElo "2544"]
[BlackElo "2593"]
[PlyCount "24"]
[EventDate "1999.10.23"]
[Source "www.chesslib.no"]
[SourceDate "2004.05.04"]

1. e4 Nf6 2. e5 Nd5 3. d4 d6 4. Nf3 Bg4 5. Be2 e6 6. O-O Be7 7. c4 Nb6 8. Nc3 O-O 9. Be3 a6 10. Qb3 N8d7 11. exd6 cxd6 12. Rfc1 Qc7 1/2-1/2

[Event "Bled (ol) 87/58"]
[Site "?"]
[Date "2002.??.??"]
[Round "?"]
[White "Zapata, A."]
[Black "Baburin, A."]
[Result "1-0"]
[WhiteElo "2556"]
[BlackElo "2580"]
[PlyCount "69"]
[EventDate "2002.??.??"]
[Source "Chess Informant"]
[SourceDate "2003.02.01"]

1. e4 Nf6 2. e5 Nd5 3. d4 d6 4. Nf3 Bg4 5. Be2 e6 6. c4 Nb6 7. h3 Bh5 8. exd6 cxd6 9. Nc3 Be7 10. d5 e5 11. g4 Bg6 12. h4 h6 13. Be3 N8d7 14. b3 a6 15. Bd3 Bxd3 16. Qxd3 Nc8 17. Ke2 Nf8 18. Ne4 Ng6 19. h5 Nf4+ 20. Bxf4 exf4 21. Rag1 b5 22. cxb5 axb5 23. Qxb5+ Kf8 24. a4 Ra5 25. Qb7 Qe8 26. Rc1 Na7 27. Rhe1 f5 28. gxf5 Bd8 29. Kf1 Qxh5 30. Nxd6 Kg8 31. Re8+ Kh7 32. Qf7 Qh3+ 33. Ke2 Rxe8+ 34. Qxe8 Bf6 35. Qg6+ 1-0

[Event "55. ch-GRE"]
[Site "?"]
[Date "2005.11.18"]
[Round "3"]
[White "Mastrovasilis Dimitrios"]
[Black "Banikas Hristos"]
[Result "1/2-1/2"]
[WhiteElo "2570"]
[BlackElo "2566"]
[PlyCount "126"]
[EventDate "2005.??.??"]
[Source "www.chesslib.no"]
[SourceDate "2004.05.04"]

1. e4 Nf6 2. e5 Nd5 3. d4 d6 4. Nf3 Bg4 5. Be2 e6 6. O-O Be7 7. h3 Bh5 8. c4 Nb6 9. Nc3 O-O 10. Be3 N8d7 11. b3 Bg6 12. Qc1 dxe5 13. dxe5 c6 14. Rd1 Qc7 15. Bg5 Nxe5 16. Nxe5 Bxg5 17. Qxg5 f6 18. Qe3 Qxe5 19. Qxe5 fxe5 20. Bd3 Bf5 21. Bxf5 exf5 22. c5 Nc8 23. Rd7 b6 24. b4 a5 25. b5 cxb5 26. c6 b4 27. Nd5 b5 28. Rd1 b3 29. axb3 a4 30. Nc7 Ra7 31. bxa4 bxa4 32. Ne6 Re8 33. Nxg7 Rf8 34. Ne6 Re8 35. Rd8 Rxd8 36. Rxd8+ Kf7 37. Nc5 Ne7 38. Rd7 Rxd7 39. cxd7 Nc6 40. Nxa4 Ke7 41. Nb6 h6 42. Kh2 Kd8 43. g4 fxg4 44. hxg4 Kc7 45. Nd5+ Kxd7 46. Nf6+ Ke6 47. Ng8 h5 48. gxh5 Kf5 49. Kg3 Kg5 50. h6 Kg6 51. Kg4 Kh7 52. Nf6+ Kxh6 53. Kf5 Ne7+ 54. Kxe5 Kg5 55. f4+ Kg6 56. Nd7 Kf7 57. Ke4 Ke6 58. Ne5 Kf6 59. Ng4+ Ke6 60. Ne3 Kf6 61. Nd5+ Nxd5 62. Kxd5 Kf5 63. Kd4 Kxf4 1/2-1/2

[Event "Riga Open"]
[Site "Riga LAT"]
[Date "1987.??.??"]
[Round "?"]
[White "Sokolov, Andrei"]
[Black "Kengis, Edvins"]
[Result "1/2-1/2"]
[WhiteElo "2645"]
[BlackElo "2485"]
[PlyCount "76"]
[EventDate "1987.??.??"]
[Source "www.chesslib.no"]
[SourceDate "2004.05.04"]

1. e4 Nf6 2. e5 Nd5 3. d4 d6 4. Nf3 Bg4 5. Be2 e6 6. O-O Be7 7. h3 Bh5 8. c4 Nb6 9. Nc3 O-O 10. Be3 a5 11. b3 d5 12. c5 N6d7 13. g4 Bg6 14. Ne1 c6 15. Ng2 b6 16. cxb6 Nxb6 17. Rc1 N8d7 18. f4 f5 19. g5 Qb8 20. Ne1 Rc8 21. Nd3 c5 22. dxc5 Nxc5 23. Nxc5 Bxc5 24. Bxc5 Rxc5 25. Nb5 Nd7 26. Rxc5 Nxc5 27. Qd4 Ne4 28. Rc1 Qd8 29. Rc7 Rc8 30. Qb6 Rxc7 31. Nxc7 Nxg5 32. fxg5 Qxg5+ 33. Kf1 Qf4+ 34. Kg2 Qg5+ 35. Kh2 Qf4+ 36. Kh1 Qc1+ 37. Kg2 Qg5+ 38. Kf2 Qf4+ 1/2-1/2

[Event "20th Open"]
[Site "Cappelle la Grande"]
[Date "2004.03.05"]
[Round "8"]
[White "Rozentalis, Eduardas"]
[Black "Minasian, Ara"]
[Result "1-0"]
[WhiteElo "2625"]
[BlackElo "2499"]
[PlyCount "121"]
[EventDate "2004.02.28"]
[Source "Roberto Alvarez"]
[SourceDate "2004.03.08"]

1. e4 Nf6 2. e5 Nd5 3. d4 d6 4. Nf3 Bg4 5. Be2 e6 6. O-O Be7 7. c4 Nb6 8. exd6 cxd6 9. b3 d5 10. c5 Nc8 11. b4 a6 12. Ne5 Bxe2 13. Qxe2 Bf6 14. Bf4 Ne7 15. Na3 Nbc6 16. Nc2 Ng6 17. Nxg6 hxg6 18. Rad1 Bg5 19. Bg3 Bh4 20. a4 Bxg3 21. fxg3 Qg5 22. b5 axb5 23. axb5 Ne7 24. g4 Qh6 25. h3 Ra2 26. Ra1 Rxa1 27. Rxa1 O-O 28. Qe3 Qxe3+ 29. Nxe3 Rb8 30. Nc2 f6 31. Nb4 Kf7 32. Nd3 g5 33. Kf2 Ke8 34. g3 Nc8 35. h4 gxh4 36. gxh4 Kd7 37. Ke3 Ke7 38. Nb4 Kf7 39. h5 Ne7 40. Kf4 Nc8 41. g5 fxg5+ 42. Kxg5 Ne7 43. Ra7 Nc8 44. Ra4 Ne7 45. Nd3 Nf5 46. Ne5+ Kg8 47. b6 Kh7 48. Nd7 Rc8 49. Kf4 Kh6 50. Ke5 Kxh5 51. Ra7 Ne7 52. Rxb7 Nc6+ 53. Kf4 Ra8 54. Rc7 g5+ 55. Ke3 Ra3+ 56. Kd2 Na5 57. b7 Ra2+ 58. Kc3 Nxb7 59. Rxb7 g4 60. Ne5 g3 61. Rg7 1-0

[Event "ARM-ch"]
[Site "Yerevan"]
[Date "2000.09.03"]
[Round "5"]
[White "Aronian, Levon"]
[Black "Anastasian, Ashot"]
[Result "1/2-1/2"]
[WhiteElo "2551"]
[BlackElo "2571"]
[PlyCount "99"]
[EventDate "2000.08.30"]
[Source "ChessBase"]
[SourceDate "2000.11.21"]

1. e4 Nf6 2. e5 Nd5 3. Nf3 d6 4. d4 Bg4 5. Be2 e6 6. h3 Bh5 7. O-O Be7 8. c4 Nb6 9. Nc3 O-O 10. Be3 Nc6 11. exd6 cxd6 12. d5 exd5 13. Nxd5 Nxd5 14. Qxd5 Bg6 15. Qd2 Bf6 16. Rad1 Re8 17. b3 a5 18. a3 Qc8 19. Ne1 Ne5 20. a4 Be4 21. f3 Bg6 22. Bf2 Nd7 23. Bd3 Nc5 24. Bxg6 hxg6 25. Qa2 Qf5 26. Rd5 Re5 27. Nc2 Rae8 28. Rd2 Bg5 29. Nd4 Qf6 30. Rdd1 Bf4 31. Qc2 R5e7 32. Kh1 b6 33. Qb1 Be3 34. b4 Bxf2 35. Rxf2 Ne4 36. Rc2 Ng3+ 37. Kg1 axb4 38. Qxb4 Qh4 39. Qd2 Re3 40. Qf2 Qf4 41. Qd2 Kh7 42. Rb2 f5 43. Qf2 Rc3 44. Ne2 Nxe2+ 45. Rxe2 Rxe2 46. Qxe2 Rxc4 47. Qd2 Qh4 48. Qxd6 Rc2 49. Kh1 Qxa4 50. Qxb6 1/2-1/2

[Event "GER-ch"]
[Site "Bremen"]
[Date "1998.11.06"]
[Round "1"]
[White "Mainka, Romuald"]
[Black "Jussupow, Artur"]
[Result "0-1"]
[WhiteElo "2480"]
[BlackElo "2640"]
[PlyCount "84"]
[EventDate "1998.11.06"]
[Source "ChessBase"]
[SourceDate "1999.02.01"]

1. e4 Nf6 2. e5 Nd5 3. d4 d6 4. Nf3 Bg4 5. Be2 e6 6. O-O Be7 7. c4 Nb6 8. Nc3 O-O 9. Be3 a6 10. Nd2 Bf5 11. Nde4 dxe5 12. dxe5 N8d7 13. f4 f6 14. Qb3 fxe5 15. fxe5 Bxe4 16. Nxe4 Nxe5 17. Rad1 Rxf1+ 18. Bxf1 Qe8 19. Bxb6 cxb6 20. Qxb6 Qc6 21. Qxc6 bxc6 22. Be2 Rf8 23. g3 a5 24. Kg2 Rb8 25. Rd2 Rb4 26. a3 Rb3 27. Kf2 c5 28. Nc3 Bg5 29. Rc2 Nc6 30. Nb5 Nd4 31. Nxd4 Be3+ 32. Kf3 Bxd4+ 33. Ke4 Bxb2 34. a4 Bd4 35. Bd3 Ra3 36. Rc1 Rxa4 37. Rb1 Ra2 38. h4 a4 39. g4 a3 40. Rb8+ Kf7 41. Rb7+ Kf6 42. Ra7 h6 0-1

[Event "Moscow ol (Men)"]
[Site "Moscow"]
[Date "1994.??.??"]
[Round "8"]
[White "Hjartarson, Johann"]
[Black "Torre, Eugenio"]
[Result "1/2-1/2"]
[WhiteElo "2585"]
[BlackElo "2535"]
[PlyCount "121"]
[EventDate "1994.11.??"]
[Source "ChessBase"]

1. e4 Nf6 2. e5 Nd5 3. d4 d6 4. Nf3 Bg4 5. Be2 e6 6. O-O Be7 7. h3 Bh5 8. c4 Nb6 9. Nc3 O-O 10. Be3 a6 11. b3 N6d7 12. exd6 cxd6 13. Qd2 Nf6 14. d5 e5 15. b4 b6 16. Rfd1 a5 17. a3 Nbd7 18. Rac1 Ne8 19. Nb5 Bxf3 20. Bxf3 f5 21. Qc2 Bg5 22. Qb3 Kh8 23. Bxg5 Qxg5 24. Be2 Rf6 25. Bf1 Rg6 26. c5 a4 27. Qa2 bxc5 28. bxc5 dxc5 29. d6 Rb8 30. Qf7 Nef6 31. Nc7 e4 32. Ne6 Qh6 33. Rxc5 Qh5 34. Rb1 Rg8 35. Kh1 Nxc5 36. Nxc5 f4 37. Nxe4 Qf5 38. Bd3 Qc8 39. Nd2 Rh6 40. Bc4 f3 41. Nxf3 Rf8 42. Be6 Qa8 43. Ne5 Rh5 44. Qxf8+ Qxf8 45. Nf7+ Kg8 46. Nh6+ Kh8 47. Nf7+ Kg8 48. d7 Nxd7 49. Nh6+ Kh8 50. Nf7+ Kg8 51. Ne5+ Kh8 52. Nxd7 Qd6 53. Rb8+ Qxb8 54. Nxb8 Rb5 55. Nc6 Rb3 56. f4 Rxa3 57. f5 Rb3 58. Ne5 Rb1+ 59. Kh2 a3 60. Nd7 Rb5 61. g4 1/2-1/2

[Event "BCF-ch 86th"]
[Site "Scarborough"]
[Date "1999.08.10"]
[Round "9"]
[White "Kosten, Anthony C"]
[Black "Baburin, Alexander"]
[Result "1-0"]
[WhiteElo "2515"]
[BlackElo "2593"]
[PlyCount "207"]
[EventDate "1999.08.05"]
[Source "ChessBase"]
[SourceDate "1999.09.14"]

1. e4 Nf6 2. e5 Nd5 3. d4 d6 4. Nf3 Bg4 5. Be2 e6 6. c4 Nb6 7. O-O Be7 8. h3 Bh5 9. exd6 cxd6 10. Nbd2 Nc6 11. b3 O-O 12. Bb2 Bg6 13. a3 a5 14. Bc3 Bf6 15. b4 Na4 16. Qxa4 axb4 17. Qxa8 Qxa8 18. axb4 Qb8 19. b5 Ne7 20. Ra3 Rc8 21. g4 h6 22. h4 e5 23. g5 exd4 24. Bb4 hxg5 25. hxg5 Be5 26. Nxe5 dxe5 27. Bxe7 e4 28. Bb4 Qf4 29. Rg3 Rd8 30. Nb3 d3 31. Bd1 e3 32. Rxe3 Qxc4 33. Bc5 Qxb5 34. Re5 Re8 35. Rxe8+ Qxe8 36. Nd2 Qe5 37. Be3 b5 38. Bf3 Bf5 39. Rc1 Be6 40. Rc5 Qa1+ 41. Kg2 b4 42. Rb5 Qc3 43. g6 Qc7 44. Rxb4 fxg6 45. Bf4 Qf7 46. Rd4 g5 47. Be3 g4 48. Bc6 g3 49. Rd8+ Kh7 50. Nf3 Bh3+ 51. Kxh3 Qe6+ 52. Kxg3 Qxc6 53. Rxd3 Qg6+ 54. Ng5+ Kh6 55. Rd5 Kh5 56. Bf4 Qc6 57. Re5 Qg6 58. Kh3 Qd3+ 59. Nf3+ Kg6 60. Kg2 Kf7 61. Rg5 Qe4 62. Be5 g6 63. Kg3 Ke6 64. Bf4 Qd3 65. Be3 Qb1 66. Kh2 Qb8+ 67. Rg3 Kf6 68. Nh4 Qe5 69. Nxg6 Qh5+ 70. Kg2 Qd5+ 71. f3 Qa2+ 72. Bf2 Qc4 73. Nh4 Qd5 74. Rg6+ Kf7 75. Rg4 Qd2 76. Nf5 Kf6 77. Ng3 Qc2 78. Re4 Kf7 79. f4 Qc6 80. f5 Qd5 81. Bd4 Qc4 82. Kh3 Qc1 83. f6 Qc8+ 84. Kh4 Qh8+ 85. Nh5 Qb8 86. Re7+ Kg6 87. Rg7+ Kf5 88. Rg5+ Ke4 89. Be5 Qb1 90. Ng3+ Kd5 91. Bc3+ Kc4 92. Bd2 Qh7+ 93. Nh5 Kd3 94. Bf4 Ke4 95. Re5+ Kf3 96. Kg5 Qg8+ 97. Ng7 Qh7 98. Re3+ Kf2 99. Nf5 Qg8+ 100. Kh6 Qf7 101. Bg5 Qf8+ 102. Kg6 Qg8+ 103. Ng7 Qd5 104. f7 1-0

[Event "Villa Martelli"]
[Site "?"]
[Date "1997.??.??"]
[Round "8"]
[White "German Gustavo"]
[Black "Milos Gilberto"]
[Result "1/2-1/2"]
[WhiteElo "2500"]
[BlackElo "2605"]
[PlyCount "85"]
[EventDate "1997.??.??"]
[Source "www.chesslib.no"]
[SourceDate "2004.05.04"]

1. e4 Nf6 2. e5 Nd5 3. d4 d6 4. Nf3 Bg4 5. Be2 e6 6. O-O Be7 7. c4 Nb6 8. h3 Bh5 9. Nc3 O-O 10. Be3 d5 11. c5 Bxf3 12. gxf3 Nc8 13. f4 f5 14. b4 a6 15. Kh1 Rf7 16. Rg1 Bf8 17. Qb3 Nc6 18. Rg3 Rd7 19. Rag1 N8e7 20. Bh5 Qb8 21. a3 b6 22. Qc2 Qb7 23. Rb1 Rdd8 24. Kh2 Rdb8 25. Rgg1 Qc8 26. Na4 Qd7 27. Rgc1 b5 28. Nc3 a5 29. Be2 axb4 30. axb4 Na7 31. Ra1 c6 32. Ra3 Nac8 33. Rca1 Nb6 34. R3a2 Na4 35. Qxa4 Ra7 36. Qa3 Rxa3 37. Rb2 Ra6 38. Ra5 Rxa5 39. Ra2 Raa8 40. Rd2 Re8 41. Rc2 Rad8 42. Ra2 Ng6 43. Ra1 1/2-1/2

[Event "Villa Martelli"]
[Site "Villa Martelli"]
[Date "1997.06.08"]
[Round "8"]
[White "German, Gustavo"]
[Black "Milos, Gilberto"]
[Result "1/2-1/2"]
[WhiteElo "2500"]
[BlackElo "2605"]
[PlyCount "85"]
[EventDate "1997.06.01"]
[Source "ChessBase"]
[SourceDate "1997.10.13"]

1. e4 Nf6 2. e5 Nd5 3. d4 d6 4. Nf3 Bg4 5. Be2 e6 6. O-O Be7 7. c4 Nb6 8. h3 Bh5 9. Nc3 O-O 10. Be3 d5 11. c5 Bxf3 12. gxf3 Nc8 13. f4 f5 14. b4 a6 15. Kh1 Rf7 16. Rg1 Bf8 17. Qb3 Nc6 18. Rg3 Rd7 19. Rag1 N8e7 20. Bh5 Qb8 21. a3 b6 22. Qc2 Qb7 23. Rb1 Rdd8 24. Kh2 Rdb8 25. Rgg1 Qc8 26. Na4 Qd7 27. Rgc1 b5 28. Nc3 a5 29. Be2 axb4 30. axb4 Na7 31. Ra1 c6 32. Ra3 Nac8 33. Rca1 Rxa3 34. Rxa3 Rb7 35. Qa2 Ra7 36. Nb1 Rxa3 37. Qxa3 Qa7 38. Qxa7 Nxa7 39. Nd2 Kf7 40. Nf3 h6 41. Nd2 g6 42. Nb3 h5 43. Nd2 1/2-1/2

[Event "Valle d'Aosta op 8th"]
[Site "Saint Vincent"]
[Date "2000.02.16"]
[Round "5"]
[White "Hamdouchi, Hichem"]
[Black "Baburin, Alexander"]
[Result "1/2-1/2"]
[WhiteElo "2513"]
[BlackElo "2591"]
[PlyCount "96"]
[EventDate "2000.02.12"]
[Source "ChessBase"]
[SourceDate "2000.03.10"]

1. e4 Nf6 2. e5 Nd5 3. d4 d6 4. Nf3 Bg4 5. Be2 e6 6. h3 Bh5 7. c4 Nb6 8. exd6 cxd6 9. Nc3 Be7 10. d5 e5 11. g4 Bg6 12. h4 h5 13. g5 N8d7 14. Be3 Rc8 15. b3 Nc5 16. Rg1 Nbd7 17. b4 e4 18. Nd2 Nd3+ 19. Kf1 Nxb4 20. Ndxe4 O-O 21. Bd4 Re8 22. a3 Na6 23. Bxh5 Rxc4 24. Be2 Qc8 25. h5 Bf5 26. Rg3 Bf8 27. Re3 Nb6 28. Bxb6 Rcxe4 29. Nxe4 Bxe4 30. Bxa7 Qf5 31. Qd4 Nc5 32. Rg3 Bxd5 33. Bg4 Qxg5 34. Bf3 Qxg3 35. fxg3 Bxf3 36. Bxc5 dxc5 37. Qf4 Bxh5 38. Re1 Rxe1+ 39. Kxe1 Bg6 40. a4 Bd3 41. a5 Bb5 42. Qc7 Ba6 43. g4 g6 44. g5 c4 45. Kd2 Bb4+ 46. Kc2 Kg7 47. Qd8 Kh7 48. Qf6 Kg8 1/2-1/2

[Event "76th ch-UKR Final"]
[Site "Kharkiv UKR"]
[Date "2007.11.18"]
[Round "2"]
[White "Kryvoruchko, Y."]
[Black "Nosenko, A."]
[Result "1-0"]
[WhiteElo "2598"]
[BlackElo "2504"]
[PlyCount "81"]
[EventDate "2007.11.17"]
[Source "www.chesslib.no"]
[SourceDate "2004.05.04"]

1. e4 Nf6 2. e5 Nd5 3. d4 d6 4. Nf3 Bg4 5. Be2 e6 6. O-O Be7 7. c4 Nb6 8. Nc3 O-O 9. Be3 a6 10. b3 N8d7 11. h3 Bh5 12. exd6 cxd6 13. a4 a5 14. Nb5 Nf6 15. Nd2 Bxe2 16. Qxe2 Nbd7 17. Bf4 Nb8 18. Rac1 Nc6 19. Rfd1 d5 20. Bc7 Qd7 21. Nf3 Rfc8 22. Ne5 Qe8 23. Bb6 Qf8 24. Nc7 Rab8 25. cxd5 exd5 26. Nxc6 bxc6 27. Bxa5 Rxb3 28. Rxc6 Bd8 29. Ne6 Rxc6 30. Nxf8 Bxa5 31. Nd7 h6 32. Qa2 Rb4 33. Nxf6+ Rxf6 34. Qxd5 Rxa4 35. Qb5 Ra3 36. Qb2 Rc3 37. Ra1 Rb6 38. Qe2 Bb4 39. Qe8+ Kh7 40. Qxf7 Rf6 41. Qb7 1-0

[Event "Russia"]
[Site "?"]
[Date "2004.??.??"]
[Round "?"]
[White "Amonatov, F."]
[Black "Vasiukov, E."]
[Result "1-0"]
[WhiteElo "2570"]
[BlackElo "2525"]
[PlyCount "63"]
[EventDate "2004.??.??"]
[Source "Chess Informant"]
[SourceDate "2004.02.01"]

1. e4 Nf6 2. e5 Nd5 3. d4 d6 4. Nf3 Bg4 5. Be2 e6 6. O-O Be7 7. c4 Nb6 8. Nc3 O-O 9. Be3 d5 10. c5 Bxf3 11. gxf3 Nc8 12. f4 Nc6 13. b4 Bh4 14. f5 N8e7 15. fxe6 fxe6 16. b5 Na5 17. Bd3 Nf5 18. Kh1 Nxe3 19. fxe3 Qg5 20. Qe2 Qh6 21. e4 c6 22. exd5 cxd5 23. Qg4 Bf2 24. Ne2 Rf7 25. Rac1 Raf8 26. c6 b6 27. Kg2 Nc4 28. Bxc4 dxc4 29. c7 Rxc7 30. Rxf2 Rxf2+ 31. Kxf2 Qxh2+ 32. Ke3 1-0